000 01291nam a2200241Ia 4500
999 _c39639
_d39639
001 6239
003 GE_BSU
005 20210705133204.0
008 181216s1996|||| |||||||||||||| ||ge ||
040 _cGE_BSU
041 _ageo
080 _a51(075.8) თ-77
100 _aთოფურია,ს
_91414
245 _aუმღლესი მათემატიკის ამოცანათა კრებული :
_b I ნაწ. წრფივი ალგებრისა და ანალიზური გეომეტრიის ელემენტები /
_cს.თოფურია ; გ. ხოჭოლავა ; ნ. მაჭარაშვილი ; რედ : რ.დანელია.
264 _aთბილისი :
_bგანათლება,
_c1996.
300 _a234 გვ .:
_c20 სმ.
653 _aუმაღლესი მათემატიკა
653 _aწრფივი ალგებრისა და ანალიზური გეომეტრიის ელემენტები
700 _aხოჭოლავა, გ
_92029
700 _aმაჭარაშვილი, ნ
_91495
700 _aდანელია, რ
_eრედაქტორი
_91505
942 _cBK
_2udc